Maria Llovet's Eros/Psyche #1 /

"From the artist of the bestselling Faithless series...comes Eros/Psyche. "The Rose" female boarding school is paradise for young girls...but only if you follow the rules. Because, if you disobey them, you can end up expelled, or even worse, dead. Sara and Silje are two studen...

Full description

Bibliographic Details
Corporate Author: Library Pass, LLC
Other Authors: Llovet, Maria (writer.)
Format: eBook
Language:English
Published: [United States] : Ablaze Publishing, 2021.
Subjects:
Online Access:Connect to this electronic book (First time users create your free account)

MARC

Tag First Indicator Second Indicator Subfields
LEADER 00000nmm a22000001a 4500
001 in00004631349
006 m|||||o||m||||||||
007 cr|cn |||uuuuu
008 221118s2021 xxu||||eo|||| ||||||eng d
005 20221207222456.2
035 |a (TxWaIVM)IV81131AbMa 
040 |a TxWaIVM  |c TxWaIVM 
245 0 0 |a Maria Llovet's Eros/Psyche #1 /  |c powered by Library Pass. 
260 3 |a [United States] :  |b Ablaze Publishing,  |c 2021. 
300 |a 1 online resource. 
336 |a text  |b txt  |2 rdacontent 
337 |a computer  |b c  |2 rdamedia 
338 |a online resource  |b cr  |2 rdacarrier 
520 |a "From the artist of the bestselling Faithless series...comes Eros/Psyche. "The Rose" female boarding school is paradise for young girls...but only if you follow the rules. Because, if you disobey them, you can end up expelled, or even worse, dead. Sara and Silje are two students learning the rules of the school, which includes classes by day...and the casting of curses and spells by night.  A love develops between the two, which is tender, but threatens to break under the weight of the dark secret society within The Rose.      
521 |a 3 
538 |a Requires a valid library card and registration for new users. 
538 |a Mode of access: World Wide Web. 
538 |a System requirements: Flash 10.1 or higher, Windows XP and higher, Internet Explorer 7 and higher, Firefox 3.6 and higher, Google Chrome; Max OS 10.5 and higher, Safari 4 and higher. 
650 0 |a Comic books, strips, etc. 
655 7 |a Electronic books.  |2 local 
655 7 |a Comic books, strips, etc.  |2 gsafd 
650 0 |a Biographical comic books, strips, etc. 
655 7 |a Biographical comic books, strips, etc.  |2 gsafd 
650 0 |a Comic books, strips, etc. --Drama 
655 7 |a Comic books, strips, etc. --Drama  |2 gsafd 
650 0 |a Comic books, strips, etc. --Education 
655 7 |a Comic books, strips, etc. --Education  |2 gsafd 
650 0 |a Comic books, strips, etc. --Fiction 
655 7 |a Comic books, strips, etc. --Fiction  |2 gsafd 
650 0 |a Horror comic books, strips, etc. 
655 7 |a Horror comic books, strips, etc.  |2 gsafd 
650 0 |a Comic books, strips, etc. --Women 
655 7 |a Comic books, strips, etc. --Women  |2 gsafd 
650 0 |a LGBTQIA 
655 7 |a LGBTQIA  |2 gsafd 
650 0 |a Comic books, strips, etc. --Students 
655 7 |a Comic books, strips, etc. --Students  |2 gsafd 
650 0 |a Comic books, strips, etc. 
655 7 |a Comic books, strips, etc.  |2 gsafd 
650 0 |a Fantasy comic books, strips, etc. 
655 7 |a Fantasy comic books, strips, etc.  |2 gsafd 
700 1 |a Llovet, Maria.  |e writer. 
700 1 |a Llovet, Maria.  |e artist. 
710 2 |a Library Pass, LLC. 
856 4 0 |u http://proxy.library.tamu.edu/login?url=https://tamu.librarypass.com/product/com.iversecomics.ablaze.publishing.maria.llovets.erospsyche.one.english.03172021  |z Connect to this electronic book (First time users create your free account)  |t 0 
955 |a Comics Plus. 
999 f f |s c7821e7d-a12d-4066-b5c3-ffa2eb41e79f  |i 681eaee3-9ed2-4201-b229-fb9d81494002  |t 0 
952 f f |a Texas A&M University  |b College Station  |c Electronic Resources  |d Available Online  |t 0  |h Library of Congress classification 
998 f f |t 0  |l Available Online